<?xml version="1.0" encoding="UTF-8"?>
<collection xmlns="http://www.loc.gov/MARC21/slim">
 <record>
  <leader>01376nam a22004097a 4500</leader>
  <controlfield tag="001">000046531</controlfield>
  <controlfield tag="003">CZ-PrVSE</controlfield>
  <controlfield tag="005">20000321000000.0</controlfield>
  <controlfield tag="008">000310s1999    xo            ||||| slo |</controlfield>
  <datafield tag="020" ind1=" " ind2=" ">
   <subfield code="a">80-88991-00-5</subfield>
   <subfield code="q">(brož.)</subfield>
  </datafield>
  <datafield tag="040" ind1=" " ind2=" ">
   <subfield code="a">ABA006</subfield>
   <subfield code="b">cze</subfield>
   <subfield code="c">ABA006</subfield>
   <subfield code="d">ABA006</subfield>
  </datafield>
  <datafield tag="041" ind1="0" ind2=" ">
   <subfield code="a">slo</subfield>
  </datafield>
  <datafield tag="044" ind1=" " ind2=" ">
   <subfield code="a">xo</subfield>
  </datafield>
  <datafield tag="080" ind1=" " ind2=" ">
   <subfield code="a">061.2</subfield>
  </datafield>
  <datafield tag="080" ind1=" " ind2=" ">
   <subfield code="a">34</subfield>
  </datafield>
  <datafield tag="080" ind1=" " ind2=" ">
   <subfield code="a">351.857</subfield>
  </datafield>
  <datafield tag="080" ind1=" " ind2=" ">
   <subfield code="a">(437.6)</subfield>
  </datafield>
  <datafield tag="099" ind1=" " ind2="9">
   <subfield code="a">061.2HRU</subfield>
  </datafield>
  <datafield tag="100" ind1="1" ind2=" ">
   <subfield code="a">Hrubala, Ján</subfield>
   <subfield code="4">aut</subfield>
  </datafield>
  <datafield tag="245" ind1="1" ind2="0">
   <subfield code="a">Právo a neziskový sektor na Slovensku /</subfield>
   <subfield code="c">Ján Hrubala, Peter Haňdiak, Viera Machalová</subfield>
  </datafield>
  <datafield tag="260" ind1=" " ind2=" ">
   <subfield code="a">Bratislava :</subfield>
   <subfield code="b">SPACE,</subfield>
   <subfield code="c">1999</subfield>
  </datafield>
  <datafield tag="300" ind1=" " ind2=" ">
   <subfield code="a">122 s.</subfield>
  </datafield>
  <datafield tag="440" ind1=" " ind2="0">
   <subfield code="a">Tretí sektor a dobrovoĺníctvo;</subfield>
   <subfield code="v">5;</subfield>
   <subfield code="v">1999</subfield>
  </datafield>
  <datafield tag="650" ind1="0" ind2="7">
   <subfield code="a">neziskové organizace</subfield>
   <subfield code="7">ph115448</subfield>
   <subfield code="2">czenas</subfield>
  </datafield>
  <datafield tag="651" ind1=" " ind2="7">
   <subfield code="a">Slovensko</subfield>
   <subfield code="7">ge128580</subfield>
   <subfield code="2">czenas</subfield>
  </datafield>
  <datafield tag="653" ind1="0" ind2=" ">
   <subfield code="a">právní normy</subfield>
  </datafield>
  <datafield tag="655" ind1=" " ind2="7">
   <subfield code="a">studie</subfield>
   <subfield code="7">fd133597</subfield>
   <subfield code="2">czenas</subfield>
  </datafield>
  <datafield tag="650" ind1="0" ind2="9">
   <subfield code="a">nonprofit organizations</subfield>
   <subfield code="2">eczenas</subfield>
  </datafield>
  <datafield tag="651" ind1=" " ind2="9">
   <subfield code="a">Slovakia</subfield>
   <subfield code="2">eczenas</subfield>
  </datafield>
  <datafield tag="655" ind1=" " ind2="9">
   <subfield code="a">studies</subfield>
   <subfield code="2">eczenas</subfield>
  </datafield>
  <datafield tag="700" ind1="1" ind2=" ">
   <subfield code="a">Machalová, Viera</subfield>
   <subfield code="4">aut</subfield>
  </datafield>
  <datafield tag="700" ind1="1" ind2=" ">
   <subfield code="a">Haňdiak, Peter</subfield>
   <subfield code="4">aut</subfield>
  </datafield>
  <datafield tag="993" ind1=" " ind2=" ">
   <subfield code="a">003927351</subfield>
  </datafield>
  <datafield tag="996" ind1=" " ind2=" ">
   <subfield code="1">PDPZ2</subfield>
   <subfield code="3">F180005</subfield>
   <subfield code="5">3142108800</subfield>
   <subfield code="8">20030807</subfield>
   <subfield code="9">061.2HRU</subfield>
   <subfield code="f">81</subfield>
   <subfield code="l">UEP01</subfield>
   <subfield code="m">BOOK</subfield>
   <subfield code="q">Knihovna Žižkov depoz. 2</subfield>
   <subfield code="t">na 1 měsíc</subfield>
   <subfield code="u">UEP01</subfield>
   <subfield code="w">20040715</subfield>
  </datafield>
  <datafield tag="996" ind1=" " ind2=" ">
   <subfield code="1">PDPZ2</subfield>
   <subfield code="3">F180005a</subfield>
   <subfield code="5">3142108818</subfield>
   <subfield code="8">20030807</subfield>
   <subfield code="9">061.2HRU</subfield>
   <subfield code="f">81</subfield>
   <subfield code="l">UEP01</subfield>
   <subfield code="m">BOOK</subfield>
   <subfield code="q">Knihovna Žižkov depoz. 2</subfield>
   <subfield code="t">na 1 měsíc</subfield>
   <subfield code="u">UEP01</subfield>
   <subfield code="w">20030918</subfield>
  </datafield>
 </record>
</collection>
